| 000 | 00956cab a2200253 4500 | ||
|---|---|---|---|
| 001 | ABS59375 | ||
| 008 | 090401t1998 xxu||||| |||| 00| 0 eng d | ||
| 035 | _a(Sirsi) u89443 | ||
| 041 | _aeng | ||
| 100 | _aRidout, G. | ||
| 245 | _aBreaking down barriers | ||
| 260 | _c1998 | ||
| 350 | _a0 | ||
| 490 |
_aContract Journal _v396(6199) 28 October 1998, 16-17(2) |
||
| 520 | _aExamines the Design Build Foundation`s `subtle shift` from promoting the design build procurement route to championing the cause of integration of design and construction. Lists corporate members of the Construction Round Table, Sir John Egan Task Force, Design Build Foundation, and Construction Clients` Forum. | ||
| 650 | _aCONSTRUCTION CLIENTS FORUM | ||
| 650 | _aCONSTRUCTION ROUND TABLE | ||
| 650 | _aDESIGN BUILD FOUNDATION | ||
| 650 | _aEGAN REFORMS | ||
| 650 | _aSUSTAINABLE DEVELOPMENT | ||
| 690 | _aBUILT ENVIRONMENT | ||
| 942 | _n0 | ||
| 948 | _c03/11/1998 | ||
| 999 |
_c56585 _d56585 |
||